000 00366nam a22001337a 4500
005 20160407094156.0
008 100427s2010 nyua b 001 0 eng
020 _a9780071634960
020 _a0071634967
041 _aeng
080 _a004.42
245 1 0 _aMicrosoft Office Outlook 2010 quicksteps /
_cCarole Matthews, Marty Matthews, Bobbi Sandberg.
942 _2udc
_cBK
999 _c697
_d697